000 00853nmm a2200265 a 4500
001 ocm000955237
003 TR-IsHL
005 20201028150232.0
008 150110s2001 tu tur
007 cr cn
020 _a9789756865668
035 _a955237
_b(N$T)
050 0 4 _aPL248.K86
_bİ38 2001
090 0 4 _aPL248.K86
_bİ38 2001
100 1 _aKurdakul, Şükran
245 1 0 _aİhtiyar yüzyıla: toplu şiirler 6
_h[electronic resource] /
_cŞükran Kurdakul
260 _aİstanbul :
_bEvrensel Basım Yayın,
_c2001
300 _a72 p.
650 4 _aDil ve Edebiyat
650 4 _aLanguage and Literature
650 0 _aTürk şiiri
650 0 _aTurkish poetry
650 7 _aLITERARY COLLECTIONS / Middle Eastern
_2bisacsh
856 4 0 _uhttp://search.ebscohost.com/login.aspx?direct=true&scope=site&db=e011xww&AN=955237
999 _c10366
_d10366